| 000 | 00334nam a2200145Ia 4500 | ||
|---|---|---|---|
| 008 | 230312s9999||||xx |||||||||||||| ||und|| | ||
| 020 | _a9971-51-406-0 | ||
| 082 |
_a658-1511 _bJAI-M |
||
| 100 | _aJiambalvo;Jmes | ||
| 245 | 0 | _aManagerial accounting | |
| 260 |
_bJohn _aUK _c2003 |
||
| 300 | _a414 | ||
| 650 | _aAccounting | ||
| 942 | _cBK | ||
| 999 |
_c1999 _d1999 |
||